000 01230cam a2200397 a 4500
001 3086
003 FISKH
005 20250826090154.0
008 971015s1997 caua b 000 0 eng
010 _a 97032445
020 _a1889397032
020 _a9789814281102
040 _aDLC
_cDLC
_dDLC
_beng
041 1 _aengspa
_heng
042 _alcac
050 0 0 _aPS3563.U86
_bT4718 1997
082 0 0 _a812/.54
_221
100 _aSmith, Annette
245 _aThree billy goats Gruff /
_cRetold by Annette Smith ; Illustrated by Pat Reynolds
260 _aNew Tech Park:
_bCengage Learning,
_c1997
300 _a32 pages ;
_bcolor illustrations ;
_c22 cm
505 _aJ
520 _aPresents a play adaptation of the Norwegian tale about three clever goats and a nasty troll.
521 _a500
_bLexile
521 _aJ
_bRaz-Plus
650 0 _aGoats
_xFolklore.
650 0 _aChildren's plays, American.
650 0 _aChildren's plays, American
650 1 _aFairy tales
_xDrama.
650 1 _aFolklore
_xDrama.
650 1 _aGoats
_xFolklore
_xDrama.
650 1 _aPlays.
700 _aReynolds, Pat
_eIllustrator
906 _a7
_bcbc
_corignew
_d1
_eocip
_f19
_gy-gencatlg
942 _2ddc
_cBK
_n0
999 _c3086
_d3086